Movie Chain #1 - Statistics

General Stats
  • This quiz has been taken 66 times
  • The average score is 7 of 13
Answer Stats
Year Actor Movie % Correct
1972 Marlon Brando The Godfather
89%
2008 Christian Bale The Dark Knight
85%
1998 Jim Carrey The Truman Show
77%
2012 Jamie Foxx Django Unchained
63%
2007 Daniel Day-Lewis There Will Be Blood
58%
1980 Robert De Niro Raging Bull
56%
2014 J.K. Simmons Whiplash
55%
1995 Al Pacino Heat
53%
1962 Peter O'Toole Lawrence of Arabia
42%
1982 Kurt Russell The Thing
27%
1960 Jack Lemmon The Apartment
24%
1949 Orson Welles The Third Man
13%
2023 Camille Rowe Night of the Hunted
10%
No matching quizzes found
Score Distribution
Percent of People with Each Score
Percentile by Number Answered
Your Score History
You have not taken this quiz